• 首页
  • 本馆介绍
  • 公告通知
  • 最新文献
  • 馆藏检索
  • 电子资源
  • 读者导购
  • 参考咨询
  • 我的图书馆
  • 登录
  • 详细信息显示
  • 放入我的书架
  • 预约/预借图书
  • 作者相关作品
  • 分类相关作品
  • 丛书相关作品
  • 出版社相关作品

书目信息

  • 表格格式
  • 工作单格式
  • 卡片格式
题名:
西夏帝国
    
 
作者: 唐荣尧 著
分册:  
出版信息: 北京   中国国际广播出版社  2013
页数: 218页
开本: 24cm
丛书名: 消失的帝国
单 册:
中图分类: K246.309
科图分类:
主题词: 西夏--历史--通俗读物
电子资源:
ISBN: 978-7-5078-3600-4
000 00863oam2 2200253 450
001 012001000831
005 20140920091302.0
010    @a978-7-5078-3600-4@dCNY29.80
100    @a20130426d2013 em y0chiy50 ea
101 0  @achi
102    @aCN@b110000
105    @ay z 000yy
106    @ar
200 1  @a西夏帝国@9Xi Xia Di Guo@f唐荣尧著
210    @a北京@c中国国际广播出版社@d2013
215    @a218页@d24cm
225 1  @a消失的帝国
330    @a本书从建立西夏王国的党项民族起源讲起,结合历史文献、考古资料与当地传说,详细介绍了党项人的崛起壮大,西夏王国从建国、兴盛、衰落到灭亡的全过程,并从西夏的角度为纷繁复杂的五代历史勾勒了一幅素描全景图。
461  0 @12001 @a消失的帝国
606 0  @a西夏@x历史@j通俗读物
690    @aK246.309@v5
701  0 @a唐荣尧@9Tang Rong Yao@4著
801  0 @aCN@b上海新华@c20180901
905    @b1151292-96@dK246.309@e27@f5
    
    西夏帝国/唐荣尧著.-北京:中国国际广播出版社,2013
    218页;24cm.-(消失的帝国)
    
    
    ISBN 978-7-5078-3600-4:CNY29.80
    本书从建立西夏王国的党项民族起源讲起,结合历史文献、考古资料与当地传说,详细介绍了党项人的崛起壮大,西夏王国从建国、兴盛、衰落到灭亡的全过程,并从西夏的角度为纷繁复杂的五代历史勾勒了一幅素描全景图。
●
相关链接 在E读中查询图书 在五车中查询图书 在当当中查询图书 在豆瓣中查询图书


正题名:西夏帝国     索取号:K246.309/27         预约/预借

序号 登录号 条形码 馆藏地/架位号 状态 备注
1 1151292   211512923   第二样本阅览室/ [索取号:K246.309/27] 在馆    
2 1151293   211512932   第二借阅区/ [索取号:K246.309/27] 在馆    
3 1151294   211512941   第二借阅区/ [索取号:K246.309/27] 在馆    
4 1151295   211512950   第二借阅区/ [索取号:K246.309/27] 在馆    
5 1151296   211512969   密集书库-史法系/ [索取号:K246.309/27] 在馆    
唐山师范学院图书馆 欢迎您!
大连网信软件有限公司© 版权所有